000 00478nam a2200169Ia 4500
999 _c23343
_d23343
003 OSt
005 20200214155323.0
008 190216s9999||||xx |||||||||||||| ||und||
040 _coclc
082 _a297.61
_bAUT/M
100 _aAuthors
_91880
245 0 _aMoulana Chalilakath Makthithangal /
260 _bIslamic Sahitya Academy,
_c2015.
_aCalicut:
300 _a144p
650 _aIslamic History
942 _cBK
_2ddc
_h297.61
_iAUT/M
_k297.61
_mAUT/M